| 000 | 00433 cama220014571a4500 | ||
|---|---|---|---|
| 001 | 000017448 | ||
| 005 | 20200929165122.0 | ||
| 008 | 750721s1961 ag 000 1 spa | ||
| 040 |
_aDO-SdBNP _bspa _cBNPHU |
||
| 100 | 1 |
_aAsturias, Miguel Ángel. _938151 |
|
| 245 | 1 | 3 |
_aEl alhajadito / _cMiguel Angel Ásturias. |
| 260 |
_aBuenos Aires, Argentina : _bGoyanarte, _c1961. |
||
| 300 |
_a141 p. ; _c21 cm. |
||
| 590 | _aInventariado, 2019/VM | ||
| 999 |
_c16973 _d16973 |
||